000 00607nam a22002537a 4500
003 UA-OsUOA
001 23436
007 ta
008 20040121b un ||||| |||| 00| 0 ukr d
100 _aДилтс Роберт
090 _a316.46
_bД46
942 _cBK
040 _aUA-OsUOA
_brus
_cUA-OsUOA
_dUA-OsUOA
245 _aНЛП: навыки эффективного лидерства
300 _a224 с.
955 _a0
041 _arus
080 _a316.46
020 _a5-318-00255-2
260 _aМосква
_bПИТЕР
_c2003
044 _aRU
650 7 _2UDC
999 _c309684
_d309684